[Event "Najdorf Memorial"]
[Site "Warsaw POL"]
[Date "2015.07.18"]
[Round "9.12"]
[White "Blahynka, Martin"]
[Black "Swiercz, Dariusz"]
[Result "0-1"]
[WhiteElo "2420"]
[BlackElo "2634"]
[Annotator ""]
[Source ""]
[Remark ""]

1.d4 d5 2.c4 e6 3.Nc3 Bb4 4.e3 Nf6 5.cxd5 exd5 6.Qa4+ Nc6 7.Bb5
Bd7 8.Bxc6 Bxc3+ 9.bxc3 Bxc6 10.Qb3 O-O 11.Nf3 b6 12.O-O Bb7
13.Ne5 Nd7 14.Nd3 Qg5 15.Nf4 Rfe8 16.Qa4 Nf8 17.f3 Ng6 18.Nxg6
Qxg6 19.c4 c6 20.c5 Qd3 21.Qb3 Ba6 22.Qxd3 Bxd3 23.Rd1 Bc4 24.cxb6
axb6 25.a3 f5 26.Kf2 Kf7 27.Bd2 Ra6 28.Re1 Kf6 29.h4 g6 30.Bb4
Ra7 31.Bd6 Ke6 32.Bb4 Kd7 33.Kg3 Rc7 34.a4 Ra8 35.Ra3 c5 36.Bc3
Rca7 37.a5 cxd4 38.exd4 bxa5 39.Rea1 a4 40.Bb4 Bb3 41.Re1 Kc6
42.Bc5 Rb7 43.Kf2 Kb5 44.Raa1 Rc8 45.Rac1 Rbc7 46.Ke3 Rxc5 47.Rxc5+
Rxc5 48.dxc5 Kxc5 49.Kd2 a3 50.Kc1 d4 51.Re7 h5 52.g4 Kb4 53.Kd2
a2 54.Re1 fxg4 55.fxg4 hxg4 56.Kd3 Kc5 57.Ke4 Bc2+ 58.Kf4 Bb1 0-1

[Event "Najdorf Memorial"]
[Site "Warsaw POL"]
[Date "2015.07.18"]
[Round "9.13"]
[White "Lewtak, Damian"]
[Black "Macieja, Bartlomiej"]
[Result "0-1"]
[WhiteElo "2341"]
[BlackElo "2586"]
[Annotator ""]
[Source ""]
[Remark ""]

1.e4 c6 2.d4 d5 3.Nc3 dxe4 4.Nxe4 Nd7 5.Nf3 Ngf6 6.Nxf6+ Nxf6
7.Bc4 Bf5 8.O-O e6 9.Bf4 Bd6 10.Bxd6 Qxd6 11.c3 O-O 12.Re1 Rad8
13.Qe2 b5 14.Bb3 Bg4 15.h3 Bxf3 16.Qxf3 b4 17.cxb4 Qxb4 18.Qxc6
Rxd4 19.Re3 Rd2 20.Qc3 Qxc3 21.bxc3 Rfd8 22.Rae1 Kf8 23.R3e2
Rxe2 24.Rxe2 Rd3 25.Re3 Rxe3 26.fxe3 Ke7 27.c4 Kd6 28.Kf2 Kc5
29.a3 Nd7 0-1

[Event "Najdorf Memorial"]
[Site "Warsaw POL"]
[Date "2015.07.18"]
[Round "9.14"]
[White "Dragun, Kamil"]
[Black "Bilguun, Sumiya"]
[Result "1-0"]
[WhiteElo "2586"]
[BlackElo "2361"]
[Annotator ""]
[Source ""]
[Remark ""]

1.e4 c5 2.Nf3 e6 3.d4 cxd4 4.Nxd4 a6 5.Bd3 Qc7 6.O-O Nf6 7.Qe2
d6 8.c4 Nbd7 9.Nc3 Be7 10.f4 b6 11.Kh1 Bb7 12.f5 e5 13.Nc2 Nc5
14.Bg5 Rc8 15.Ne3 Ncxe4 16.Bxe4 Nxe4 17.Ncd5 Bxd5 18.Nxd5 Qxc4
19.Rac1 Qxd5 20.Rxc8+ Kd7 21.Rxh8 Bxg5 22.Qxa6 Bd8 23.Qa4+ b5
24.Qa7+ Bc7 25.Rc1 Nc5 26.b4 Qd2 27.Qa3 Na4 28.f6 d5 29.fxg7 1-0

[Event "Najdorf Memorial"]
[Site "Warsaw POL"]
[Date "2015.07.18"]
[Round "9.15"]
[White "Kveinys, Aloyzas"]
[Black "Szczepkowska-horowska, Karina"]
[Result "1/2-1/2"]
[WhiteElo "2497"]
[BlackElo "2392"]
[Annotator ""]
[Source ""]
[Remark ""]

1.Nf3 Nf6 2.c4 g6 3.g3 Bg7 4.Bg2 O-O 5.d4 d6 6.O-O Nc6 7.Nc3
Bf5 8.h3 Ne4 9.Nd5 Bd7 10.Be3 e6 11.Nf4 Ne7 12.Qc2 Nf6 13.Rfd1
Bc6 14.Rac1 Be4 15.Qb3 Qc8 16.Ng5 Bxg2 17.Nxg2 d5 18.Bf4 c6 19.Be5
h6 20.Bxf6 Bxf6 21.Nf3 Nf5 22.Nf4 Qd7 23.Qa4 Bg7 24.Nd3 Nd6 25.Nde5
Qe7 26.Qa3 Rfe8 27.b3 a6 28.Kg2 Rac8 29.e3 Bf8 30.Qa5 Ne4 31.c5
Bg7 32.a4 Kh7 33.Nd3 f6 34.Nd2 Ng5 35.h4 Nf7 36.Re1 e5 37.dxe5
Nxe5 38.Nxe5 Qxe5 39.Qb4 Rc7 40.Red1 f5 41.Qf4 Qxf4 42.gxf4 Bf6
43.Kg3 a5 44.Rc2 g5 45.hxg5 hxg5 46.Rh1+ Kg6 47.fxg5 Bxg5 48.f4
Bf6 49.Kf3 Rh8 50.Rxh8 Bxh8 51.Nf1 d4 52.Rg2+ Kf7 53.Rg5 Ke6
54.e4 fxe4+ 55.Kxe4 Re7 56.Nd2 Kf7+ 57.Kf5 Re3 58.Rg6 d3 59.Rd6
Bc3 60.Nc4 Rg3 61.Ne5+ Bxe5 62.fxe5 Ke7 63.Ke4 d2 64.Rxd2 Rxb3
65.Rh2 Rb1 66.Rh3 Ke6 67.Rh6+ Ke7 1/2-1/2

[Event "Najdorf Memorial"]
[Site "Warsaw POL"]
[Date "2015.07.18"]
[Round "9.16"]
[White "Romanishin, Oleg M"]
[Black "Johannesson, Ingvar Thor"]
[Result "1/2-1/2"]
[WhiteElo "2475"]
[BlackElo "2372"]
[Annotator ""]
[Source ""]
[Remark ""]

1.Nf3 d5 2.g3 c6 3.Bg2 Bg4 4.c4 e6 5.Qb3 Qb6 6.d3 Nd7 7.Be3 Bc5
8.Bxc5 Nxc5 9.Qc3 Nf6 10.Nbd2 O-O 11.O-O Rfe8 12.Rac1 Ncd7 13.Qb3
Nc5 14.Qa3 Ncd7 15.Qb3 Nc5 16.Qa3 Ncd7 17.h3 Bxf3 18.Nxf3 a5
19.Qc3 1/2-1/2

[Event "Najdorf Memorial"]
[Site "Warsaw POL"]
[Date "2015.07.18"]
[Round "9.17"]
[White "Matuszewski, Michal"]
[Black "Nguyen, Piotr"]
[Result "1/2-1/2"]
[WhiteElo "2471"]
[BlackElo "2273"]
[Annotator ""]
[Source ""]
[Remark ""]

1.Nf3 c5 2.g3 Nc6 3.Bg2 g6 4.O-O Bg7 5.d3 e5 6.e4 Nge7 7.c3 O-O
8.a3 d6 9.b4 h6 10.Be3 b6 11.Nfd2 Be6 12.b5 Na5 13.c4 Qd7 14.Nc3
Bh3 15.Bxh3 Qxh3 16.Qf3 f5 17.exf5 gxf5 18.Nd5 Ng6 19.Nc7 Rac8
20.Ne6 Rf7 21.Nxg7 Kxg7 22.Kh1 f4 23.gxf4 Qxf3+ 24.Nxf3 Nxf4
25.Rg1+ Kh7 26.Bxf4 Rxf4 27.Nd2 Rcf8 28.Rg3 Rxf2 29.Ne4 R2f3
30.Rag1 Rxg3 31.Rxg3 Nb7 1/2-1/2

[Event "Najdorf Memorial"]
[Site "Warsaw POL"]
[Date "2015.07.18"]
[Round "9.18"]
[White "Warakomski, Tomasz"]
[Black "Bednarek, Sylwester"]
[Result "1-0"]
[WhiteElo "2449"]
[BlackElo "2291"]
[Annotator ""]
[Source ""]
[Remark ""]

1.e4 c5 2.Nf3 Nc6 3.Bb5 g6 4.O-O Bg7 5.Re1 e5 6.Bxc6 dxc6 7.d3
Ne7 8.a3 h6 9.b4 cxb4 10.axb4 g5 11.Be3 b6 12.Na3 Ng6 13.Nd2
O-O 14.Nac4 Be6 15.Ra6 Qe7 16.Qa1 Qb7 17.Nd6 Qd7 18.Nf5 Bxf5
19.exf5 Qxf5 20.Qa2 Rab8 21.Rxa7 Qg4 22.Qc4 Nf4 23.Bxf4 Qxf4
24.Ne4 Kh8 25.Qxc6 Rbc8 26.Rc7 Rxc7 27.Qxc7 f5 28.Ng3 Qxb4 29.Ra1
e4 30.Ra7 Qb1+ 31.Nf1 Qb2 32.Rb7 exd3 33.cxd3 Qd4 34.h3 f4 35.Nd2
Rg8 36.Nf3 Qxd3 37.Ne5 Qf5 38.Nf7+ Kh7 39.Nd6 Qb1+ 40.Kh2 f3
41.gxf3 Qg6 42.Qe7 Kh8 43.Nf7+ Kh7 44.Nd6 Kh8 45.Nf7+ Kh7 46.Ne5
Qf5 47.Kg2 b5 48.Nf7 Qg6 49.Ne5 Qf5 50.Rxb5 Qf6 51.Qb7 Re8 52.Ng4
Qe7 53.Qa6 Qe2 54.Qb7 Re7 55.Qd5 Qe6 56.Qc5 Qf7 57.Rb6 Rc7 58.Qb5
Qd7 59.Rxh6+ 1-0

[Event "Najdorf Memorial"]
[Site "Warsaw POL"]
[Date "2015.07.18"]
[Round "9.19"]
[White "Krzyzanowski, Marcin"]
[Black "Reza, Wojciech"]
[Result "1/2-1/2"]
[WhiteElo "2427"]
[BlackElo "2212"]
[Annotator ""]
[Source ""]
[Remark ""]

1.c4 Nf6 2.g3 e6 3.Bg2 d5 4.Nf3 Be7 5.O-O O-O 6.b3 b6 7.Bb2 Bb7
8.d3 c5 9.e3 Nc6 10.Qe2 Qc7 11.Nc3 Rfd8 12.Rac1 Rac8 13.Rfd1
Qb8 14.cxd5 exd5 15.Bh3 Rc7 16.Nb5 Bc8 17.Nxc7 Bxh3 18.Nb5 Bg4
19.h3 Bxh3 20.Nh2 a6 21.Nd4 Ne5 22.Ndf3 Nxf3+ 23.Qxf3 Be6 24.Bxf6
Bxf6 25.d4 Qc8 26.dxc5 bxc5 27.Qf4 Bf5 28.Rd2 g5 29.Qf3 Qe6 30.Rxc5
Kg7 31.Qd1 Be4 32.Rc1 Be7 33.f3 Bg6 34.Nf1 Ba3 35.Ra1 Qf6 36.Rf2
Bb2 37.Rxb2 Qxb2 38.Qd4+ Qxd4 39.exd4 Rc8 40.Ne3 Rc3 41.Kf2 Rd3
42.Rd1 Rxd1 43.Nxd1 Bf5 44.Nc3 Be6 45.Na4 Kf8 46.Nc5 Bc8 47.b4
Ke7 48.f4 h6 49.Kf3 g4+ 50.Ke3 Kd6 51.f5 f6 52.Kf4 h5 53.a4 Bd7
54.Nb7+ Kc7 55.Nc5 Kd6 56.Ke3 Bc6 57.Ne6 Be8 58.Kf4 Bf7 59.Ng7
Kc6 60.Ke3 Kd6 61.Kf4 1/2-1/2

[Event "Najdorf Memorial"]
[Site "Warsaw POL"]
[Date "2015.07.18"]
[Round "9.20"]
[White "Paszewski, Mateusz"]
[Black "Volokitin, Andrei"]
[Result "0-1"]
[WhiteElo "2252"]
[BlackElo "2654"]
[Annotator ""]
[Source ""]
[Remark ""]

1.c4 Nf6 2.g3 c5 3.Bg2 d5 4.cxd5 Nxd5 5.Nf3 Nc6 6.Nc3 Nc7 7.O-O
e5 8.d3 Be7 9.Nd2 O-O 10.Nc4 f6 11.a4 Be6 12.a5 Nd5 13.Nxd5 Bxd5
14.Bd2 Bxg2 15.Kxg2 Qd5+ 16.Kg1 Rad8 17.Qa4 Nd4 18.Rfe1 f5 19.Bc3
e4 20.Rad1 Bg5 21.Bxd4 cxd4 22.Na3 Kh8 23.Qb5 e3 24.f4 Be7 25.Qa4
g5 26.Rf1 Bd6 27.Qc4 Bxa3 28.bxa3 Qxa5 29.fxg5 Qxa3 30.Qb5 Qd6
31.Rxf5 Rxf5 32.Qxf5 Rf8 33.Qg4 b5 34.Rf1 Rxf1+ 35.Kxf1 Kg7 36.h4
b4 37.h5 b3 38.h6+ Kg6 39.Qc8 b2 40.Qb7 Qxg3 41.Qe4+ Kh5 42.Qe8+
Kh4 43.Qe4+ Kh3 0-1

[Event "Najdorf Memorial"]
[Site "Warsaw POL"]
[Date "2015.07.18"]
[Round "9.21"]
[White "Vydeslaver, Alik"]
[Black "Nasuta, Grzegorz"]
[Result "0-1"]
[WhiteElo "2398"]
[BlackElo "2365"]
[Annotator ""]
[Source ""]
[Remark ""]

1.e4 c5 2.Nf3 e6 3.Nc3 a6 4.g3 b5 5.Bg2 Bb7 6.d3 d6 7.O-O Nf6
8.Ng5 h6 9.Nh3 Nbd7 10.f4 Qc7 11.f5 e5 12.Nf2 Be7 13.Qe2 Nb6
14.a4 b4 15.Ncd1 c4 16.Ne3 cxd3 17.cxd3 a5 18.Nc4 Nbd7 19.Ng4
Nxg4 20.Qxg4 Nf6 21.Qe2 Ba6 22.Be3 Bxc4 23.dxc4 Qc6 24.b3 Bd8
25.Kh1 Bb6 26.Bc1 Bc5 27.h3 O-O-O 28.Bf3 Kb8 29.Kg2 Qb6 30.Bd2
Ka7 31.Rad1 Kb8 32.Rh1 Ka7 33.g4 Nd7 34.Qd3 Bd4 35.Rb1 Nb8 36.h4
Nc6 37.Rbf1 Kb8 38.g5 hxg5 39.hxg5 Qa7 40.Bd1 Qe7 41.Rh3 Rxh3
42.Qxh3 Bc3 43.Be3 Bd4 44.Bc1 Ba7 45.Qh7 f6 46.Rf3 Nd4 47.Rg3
Qb7 48.Rg4 Nxb3 49.Bxb3 Qb6 50.Kh2 Qf2+ 51.Rg2 Qe1 52.Bd2 Qxe4
53.Qh3 fxg5 54.Bxg5 Rf8 55.Bc2 Qxc4 56.Qh4 Qc8 57.Qe4 Rh8+ 58.Kg3
Qc3+ 59.Bd3 Bd4 60.Rc2 d5 61.Qe2 Qa3 62.Bc1 Qxa4 63.Kg2 b3 64.Rd2
Qa1 65.Rd1 Qc3 66.Bd2 Qc6 67.Bxa5 Qh6 68.Qf3 Qh2+ 69.Kf1 Qg1+ 0-1

[Event "Najdorf Memorial"]
[Site "Warsaw POL"]
[Date "2015.07.18"]
[Round "9.22"]
[White "Czerwonski, Aleksander"]
[Black "Cukrowski, Filip"]
[Result "1/2-1/2"]
[WhiteElo "2375"]
[BlackElo "2330"]
[Annotator ""]
[Source ""]
[Remark ""]

1.d4 Nf6 2.c4 e6 3.Nf3 b6 4.Nc3 Bb4 5.Bg5 Bb7 6.e3 h6 7.Bh4 g5
8.Bg3 Ne4 9.Qc2 Bxc3+ 10.bxc3 d6 11.Bd3 f5 12.d5 Qf6 13.Nd4 Nc5
14.Nxe6 Nxe6 15.Bxf5 Nc5 16.O-O Nbd7 17.f4 O-O-O 18.e4 Kb8 19.e5
dxe5 20.fxe5 Nxe5 21.Rae1 Nxc4 22.Bd3 Qg7 23.Bxc4 Bxd5 24.Be5
Qh7 25.Qxh7 Rxh7 26.Rd1 Rhd7 27.Bb5 Bxg2 28.Rxd7 Nxd7 29.Rd1
Bh3 30.Bf6 Rf8 31.Bg7 Rf7 32.Bxh6 Kb7 33.Bxg5 Ne5 34.Kh1 Ng4
35.Bh4 Rf2 36.Bg3 Rxa2 37.Re1 Bg2+ 38.Kg1 Bf3 39.Bf1 Rc2 40.c4
c5 41.Re7+ Ka6 42.Bb8 Ka5 43.h3 Nh6 44.Rxa7+ Kb4 45.Ra6 Nf5 46.Rxb6+
Kc3 47.Be5+ Nd4 48.Rb5 Be2 49.Bxe2 Rxe2 50.Rxc5 Rxe5 1/2-1/2

[Event "Najdorf Memorial"]
[Site "Warsaw POL"]
[Date "2015.07.18"]
[Round "9.23"]
[White "Snihur, Piotr"]
[Black "Hnydiuk, Aleksander"]
[Result "1/2-1/2"]
[WhiteElo "2124"]
[BlackElo "2370"]
[Annotator ""]
[Source ""]
[Remark ""]

1.d4 Nf6 2.c4 e6 3.Nf3 d5 4.Bg5 h6 5.Bxf6 Qxf6 6.Nc3 c6 7.e3
Nd7 8.Bd3 dxc4 9.Bxc4 g6 10.O-O Bg7 11.Rc1 O-O 12.Qe2 Qe7 13.Rfd1
a6 14.Bb3 b6 15.e4 Bb7 16.Rd2 Rfd8 17.Rcd1 Rac8 18.e5 Rb8 19.h3
b5 1/2-1/2

[Event "Najdorf Memorial"]
[Site "Warsaw POL"]
[Date "2015.07.18"]
[Round "9.24"]
[White "Janik, Igor"]
[Black "Bromberger, Stefan"]
[Result "0-1"]
[WhiteElo "2261"]
[BlackElo "2556"]
[Annotator ""]
[Source ""]
[Remark ""]

1.e4 c5 2.Nf3 d6 3.d4 cxd4 4.Nxd4 Nf6 5.Nc3 a6 6.h3 e5 7.Nde2
h5 8.Bg5 Be6 9.Bxf6 Qxf6 10.Nd5 Qd8 11.Nec3 g6 12.Bc4 Bh6 13.O-O
O-O 14.Qd3 Nd7 15.b4 Rc8 16.Bb3 Kg7 17.Rad1 Qh4 18.Ne2 Bg5 19.c4
Bd8 20.Ng3 Qg5 21.Kh1 Bb6 22.a4 Bxd5 23.Qxd5 Rc6 24.a5 Bd4 25.b5
Nf6 26.bxc6 Nxd5 27.cxd5 Bxf2 28.Rxf2 Qxg3 29.Rf3 Qh4 30.Bc2
Qd8 31.cxb7 Qc7 32.Bd3 Rb8 33.Bxa6 Qxa5 34.Rdf1 Qxa6 35.Rxf7+
Kh6 36.Rb1 Qd3 37.Rb6 Qxe4 38.Rd7 Qxd5 39.Rdxd6 Qf7 0-1

[Event "Najdorf Memorial"]
[Site "Warsaw POL"]
[Date "2015.07.18"]
[Round "9.25"]
[White "Socko, Monika"]
[Black "Hrabinska, Myroslava"]
[Result "1-0"]
[WhiteElo "2472"]
[BlackElo "2270"]
[Annotator ""]
[Source ""]
[Remark ""]

1.d4 d5 2.c4 e6 3.Nf3 Nf6 4.Nc3 Be7 5.Bf4 O-O 6.Rc1 b6 7.e3 Bb7
8.a3 c5 9.dxc5 Bxc5 10.cxd5 Nxd5 11.Nxd5 Qxd5 12.Qxd5 Bxd5 13.Bd3
a5 14.Ke2 Nd7 15.e4 Bb7 16.Rhd1 Nf6 17.Nd2 Bd4 18.Rc7 Ba6 19.Bxa6
Rxa6 20.Nc4 Bc5 21.f3 h6 22.Rb7 Rc8 23.Ne5 b5 24.Nxf7 b4 25.a4
b3 26.Be5 Ne8 27.Rd8 Rac6 28.Rxc8 Rxc8 29.Bc3 Bb4 30.Kd3 Bxc3
31.bxc3 b2 32.Ne5 Rc5 33.Kd4 Nd6 34.Rxb2 Rc8 35.c4 Rd8 36.Kc3
Rc8 37.Rb6 1-0

[Event "Najdorf Memorial"]
[Site "Warsaw POL"]
[Date "2015.07.18"]
[Round "9.26"]
[White "Skawinski, Arkadiusz"]
[Black "Warszawski, Bartosz"]
[Result "1-0"]
[WhiteElo "2358"]
[BlackElo "2233"]
[Annotator ""]
[Source ""]
[Remark ""]

1.e4 c5 2.c3 e6 3.d4 d5 4.e5 Nc6 5.Nf3 Bd7 6.Bd3 Rc8 7.a3 cxd4
8.cxd4 Qb6 9.Bc2 g5 10.h3 Nxd4 11.Nxd4 Bc5 12.O-O Bxd4 13.Nc3
h6 14.Kh1 Ne7 15.f4 Bxc3 16.bxc3 Rxc3 17.Bd2 Rxc2 18.Qxc2 gxf4
19.Rxf4 Nf5 20.Bb4 Rg8 21.Qd2 d4 22.g4 Nh4 23.Raf1 Qb5 24.Qf2
Bc6+ 25.Kh2 Qxe5 26.Qxh4 1-0

[Event "Najdorf Memorial"]
[Site "Warsaw POL"]
[Date "2015.07.18"]
[Round "9.27"]
[White "Deszczynski, Adam"]
[Black "Polok, Kacper"]
[Result "1-0"]
[WhiteElo "2356"]
[BlackElo "2213"]
[Annotator ""]
[Source ""]
[Remark ""]

1.Nf3 c5 2.c4 Nf6 3.Nc3 Nc6 4.g3 d6 5.Bg2 e5 6.O-O Be7 7.e3 O-O
8.h3 Be6 9.b3 Qd7 10.g4 d5 11.g5 Ne4 12.cxd5 Bxd5 13.Nxd5 Qxd5
14.d3 Nd6 15.Nd4 e4 16.Nxc6 bxc6 17.dxe4 Qe5 18.Rb1 Nxe4 19.f4
Qe6 20.Qg4 Nc3 21.Qxe6 fxe6 22.Rb2 Nd5 23.e4 Nb4 24.Rd1 Rad8
25.Rxd8 Rxd8 26.Be3 Rd1+ 27.Bf1 e5 28.f5 Nd3 29.Rd2 Rxd2 30.Bxd2
Nf4 31.Be3 Kf8 32.Kh2 h6 33.h4 hxg5 34.hxg5 a5 35.Bd2 Bd8 36.Kg3
Bc7 37.Kg4 Ke7 38.Bc4 Ng2 39.Kh5 Nf4+ 40.Bxf4 exf4 41.f6+ Kf8
42.Kg6 Be5 43.Kf5 Bb2 44.e5 f3 45.e6 1-0

[Event "Najdorf Memorial"]
[Site "Warsaw POL"]
[Date "2015.07.18"]
[Round "9.28"]
[White "Rozycki, Bartlomiej"]
[Black "Saatdjian, Thomas"]
[Result "0-1"]
[WhiteElo "2198"]
[BlackElo "2353"]
[Annotator ""]
[Source ""]
[Remark ""]

1.d4 d5 2.c4 c6 3.Nf3 Nf6 4.e3 e6 5.Nbd2 Nbd7 6.Bd3 Bd6 7.Qc2
h6 8.b3 e5 9.dxe5 Nxe5 10.Bb2 Nxd3+ 11.Qxd3 dxc4 12.Nxc4 Bb4+
13.Ke2 Qxd3+ 14.Kxd3 Bf5+ 15.Ke2 O-O-O 16.Rhd1 Nd5 17.Rac1 Rhe8
18.Nd4 Bg6 19.a3 Bf8 20.g3 f6 21.f3 Kb8 22.Kf2 c5 23.Ne2 Bf7
24.e4 Nb6 25.Rxd8+ Rxd8 26.Ke3 Nxc4+ 27.bxc4 Rd6 28.Rc3 Rb6 29.Bc1
Bd6 30.Nf4 Be5 31.Rc2 Rb3+ 32.Ke2 Bd4 33.Ng2 a6 34.Ne3 b5 35.cxb5
axb5 36.f4 Kb7 37.Nf5 Bc4+ 38.Ke1 Bc3+ 39.Kf2 Bd3 40.Ra2 g6 41.Nxh6
Bxe4 42.Nf7 Bd5 43.Re2 Bd4+ 44.Ke1 c4 45.Nd6+ Kc6 46.Nc8 Bf3
47.Ne7+ Kc5 48.Ra2 Rb1 49.Kd2 c3+ 50.Kc2 Be4+ 51.Kd1 Be3 0-1

[Event "Najdorf Memorial"]
[Site "Warsaw POL"]
[Date "2015.07.18"]
[Round "9.29"]
[White "Bartel, Michal"]
[Black "Masse, Hugues"]
[Result "1-0"]
[WhiteElo "2331"]
[BlackElo "2222"]
[Annotator ""]
[Source ""]
[Remark ""]

1.e4 e6 2.f4 d5 3.e5 c5 4.Nf3 Nc6 5.c3 Nge7 6.Na3 Nf5 7.Bd3 g6
8.O-O a6 9.Nc2 Nh4 10.Nce1 b5 11.Bc2 Nxf3+ 12.Nxf3 d4 13.Be4
Bb7 14.d3 Be7 15.cxd4 cxd4 16.Bd2 Qb6 17.Rc1 Nb4 18.Bxb7 Qxb7
19.Bxb4 Bxb4 20.Qc2 O-O 21.Qc6 Qa7 22.Qc7 Rfd8 23.Qxa7 Rxa7 24.Rc6
Rdd7 25.Rfc1 Be7 26.Kf1 h6 27.Ke2 Kg7 28.g4 a5 29.h4 a4 30.g5
hxg5 31.hxg5 a3 32.b3 Bb4 33.Rc8 Ba5 34.Nd2 Rac7 35.R1xc7 Bxc7
36.Ne4 Bd8 37.Kf3 b4 38.Nf6 Bxf6 39.exf6+ Kh7 40.Ke4 Rd5 41.Rc4
Rb5 42.Rxd4 Kg8 43.Rc4 Rb8 44.d4 Kf8 45.Kd3 Ke8 46.Rc7 Rb5 47.Rc8+
Kd7 48.Rf8 Rf5 49.Ke4 1-0

[Event "Najdorf Memorial"]
[Site "Warsaw POL"]
[Date "2015.07.18"]
[Round "9.30"]
[White "Dabrowska, Krystyna"]
[Black "Warakomska, Anna"]
[Result "1/2-1/2"]
[WhiteElo "2208"]
[BlackElo "2274"]
[Annotator ""]
[Source ""]
[Remark ""]

1.e4 c5 2.Nf3 e6 3.d4 cxd4 4.Nxd4 Nc6 5.Nc3 Qc7 6.g3 a6 7.Bg2
d6 8.O-O Bd7 9.Re1 Be7 10.Nxc6 Bxc6 11.Qg4 h5 12.Qe2 h4 13.a4
hxg3 1/2-1/2

[Event "Najdorf Memorial"]
[Site "Warsaw POL"]
[Date "2015.07.18"]
[Round "9.31"]
[White "Karpus, Michal"]
[Black "Jakubiec, Edyta"]
[Result "1/2-1/2"]
[WhiteElo "2114"]
[BlackElo "2212"]
[Annotator ""]
[Source ""]
[Remark ""]

1.e4 c5 2.Nf3 d6 3.d4 cxd4 4.Nxd4 Nf6 5.Nc3 a6 6.Be2 e5 7.Nb3
Be7 8.O-O O-O 9.Re1 Be6 10.Bf3 Nbd7 11.a4 Qb8 12.Nd2 Rc8 13.Nf1
Bd8 14.Ne3 Ba5 15.Bd2 Qc7 16.Ncd5 Bxd5 17.exd5 Bxd2 18.Qxd2 a5
19.Nf5 1/2-1/2

[Event "Najdorf Memorial"]
[Site "Warsaw POL"]
[Date "2015.07.18"]
[Round "9.32"]
[White "Stoma, Pawel"]
[Black "Wisniowska, Klaudia"]
[Result "1-0"]
[WhiteElo "2353"]
[BlackElo "2186"]
[Annotator ""]
[Source ""]
[Remark ""]

1.c4 g6 2.g3 Bg7 3.Bg2 e5 4.Nc3 Ne7 5.Nf3 c5 6.d3 d6 7.O-O Nbc6
8.a3 O-O 9.Rb1 a5 10.Ne1 Be6 11.Nc2 d5 12.cxd5 Nxd5 13.Ne3 Nce7
14.Ne4 b6 15.Ng5 Bc8 16.Qb3 Bb7 17.Nc4 a4 18.Qc2 b5 19.Nd2 Nf5
20.Ndf3 Nd4 21.Nxd4 cxd4 22.Bh3 Qb6 23.Bd2 f5 24.b3 h6 25.bxa4
Rxa4 26.Qxa4 bxa4 27.Rxb6 Nxb6 28.Ne6 Rf6 29.Nxg7 Kxg7 30.Rb1
Ba8 31.Rb5 Re6 32.g4 Rc6 33.gxf5 Rc2 34.Rxb6 Rxd2 35.f6+ 1-0

[Event "Najdorf Memorial"]
[Site "Warsaw POL"]
[Date "2015.07.18"]
[Round "9.33"]
[White "Bjornsson, Sigurbjorn"]
[Black "Kukula, Pawel"]
[Result "0-1"]
[WhiteElo "2327"]
[BlackElo "2211"]
[Annotator ""]
[Source ""]
[Remark ""]

1.e4 c5 2.Nf3 Nc6 3.g3 g6 4.Bg2 Bg7 5.O-O d6 6.c3 e5 7.d3 Nge7
8.Bg5 h6 9.Be3 O-O 10.Qd2 Kh7 11.d4 cxd4 12.cxd4 d5 13.Nxe5 dxe4
14.Bxe4 Nxe5 15.dxe5 Qxd2 16.Nxd2 Bxe5 17.Nc4 Bf6 18.Nd6 Bxb2
19.Rab1 Be5 20.Nxc8 Nxc8 21.Rb5 Re8 22.Bxb7 Rb8 23.Bc6 Rxb5 24.Bxb5
Rd8 25.Bc4 Kg7 26.Bb3 Nb6 27.Rc1 Rd7 28.Rc6 Bd4 29.Bf4 g5 30.Bb8
Nd5 31.Kg2 Nf6 32.h3 Rd8 33.Bc7 Rd7 34.Rc4 Ne8 35.Ba5 Nf6 36.Bc7
Ne8 37.Ba5 Nf6 38.Be1 Bb2 39.Rc2 Bd4 40.Rc4 Bb2 41.f3 Bd4 42.Ba4
Rd8 43.Ba5 Rd5 44.Bb4 Be5 45.f4 gxf4 46.gxf4 Ba1 47.Bb3 Rd4 48.Bc5
Rd2+ 49.Kf3 a5 50.Bb6 Rd3+ 51.Kg2 Nd5 52.Rc6 Nxf4+ 53.Kf1 Rxh3
54.Bxa5 Bd4 55.Ke1 h5 56.Rc7 Nd3+ 57.Kf1 Ne5 58.Kg2 Re3 59.Bb4
h4 60.Bd6 h3+ 61.Kh1 Nf3 62.Bb4 Ne5 63.Bd6 Ng4 64.Rxf7+ Kg6 65.Rf1
Re2 66.Bd5 Nf2+ 67.Kh2 Ne4+ 68.Kxh3 Nxd6 69.Rd1 Be5 70.Kg4 Re3
71.Bf3 Nf5 72.Rf1 Nh6+ 73.Kh3 Kg5 74.Kg2 Nf5 75.Kf2 Bd4 76.Rg1+
Kf6 77.Rg4 Ra3+ 78.Ke2 Rxa2+ 79.Kd3 Ra3+ 80.Ke2 Re3+ 81.Kf2 Re7+ 0-1

[Event "Najdorf Memorial"]
[Site "Warsaw POL"]
[Date "2015.07.18"]
[Round "9.34"]
[White "Kowalski, Igor"]
[Black "Zujev, Oleg"]
[Result "0-1"]
[WhiteElo "2146"]
[BlackElo "2296"]
[Annotator ""]
[Source ""]
[Remark ""]

1.d4 Nf6 2.c4 d6 3.Nc3 Nbd7 4.e4 e5 5.d5 Nc5 6.Qc2 a5 7.f3 Be7
8.Be3 Nh5 9.Nge2 Bg5 10.Qd2 h6 11.O-O-O Bxe3 12.Qxe3 Qg5 13.Qxg5
hxg5 14.g4 Nf4 15.Nxf4 exf4 16.Nb5 Kd8 17.Bg2 a4 18.Kc2 Nd7 19.Kc3
Ne5 20.h3 Bd7 21.Nd4 Ke7 22.Ra1 c6 23.dxc6 bxc6 24.Rhd1 c5 25.Nc2
Be6 26.b3 g6 27.Na3 Bd7 28.Nc2 f5 29.exf5 gxf5 30.Ne1 fxg4 31.hxg4
Rh2 32.Rab1 axb3 33.axb3 Ra2 34.Ra1 Rhxg2 35.Nxg2 Rxg2 36.Ra6
Nxf3 37.Rdxd6 Nd4 38.Rd5 f3 39.Ra7 Ne2+ 40.Kd3 Nf4+ 41.Ke4 Nxd5
42.Kxf3 Nf4 0-1

[Event "Najdorf Memorial"]
[Site "Warsaw POL"]
[Date "2015.07.18"]
[Round "9.35"]
[White "Adamski, Jan"]
[Black "Woloch, Oskar"]
[Result "1/2-1/2"]
[WhiteElo "2293"]
[BlackElo "2108"]
[Annotator ""]
[Source ""]
[Remark ""]

1.Nf3 c5 2.c4 Nc6 3.Nc3 e5 4.e3 d6 5.d4 cxd4 6.exd4 Nf6 7.Be2
Be7 8.h3 O-O 9.Be3 exd4 10.Nxd4 d5 11.cxd5 Nxd5 12.Nxc6 bxc6
13.Nxd5 cxd5 14.O-O Qa5 15.Bd4 Be6 16.a3 Rfc8 17.b4 Qd8 18.Ba6
Rc7 19.Qd2 Bd6 20.Rac1 h6 21.Rxc7 Bxc7 22.f4 Bf5 23.Bd3 Be4 24.Rc1
Qd6 25.Bxe4 dxe4 26.Be3 Qxd2 27.Bxd2 Bb6+ 28.Kf1 Rd8 29.Ke2 Rd3
30.Rc8+ Kh7 1/2-1/2

[Event "MetLife Warsaw Najdorf Chess Festival  gr. A"]
[Site "Warszawa"]
[Date "2015.07.18"]
[Round "9.36"]
[White "Derakhshani, Dorsa"]
[Black "Chomczyk, Marek"]
[Result "0-1"]
[WhiteElo "2280"]
[BlackElo "2165"]
[Annotator ""]
[Source ""]
[Remark ""]

1.e4 e5 2.Nf3 Nc6 3.d4 exd4 4.Nxd4 Bb4+ 5.c3 Bc5 6.Nxc6 bxc6
7.Bd3 d6 8.Nd2 a5 9.O-O Nf6 10.Nb3 Bb6 11.Bg5 h6 12.Bh4 g5 13.Bg3
h5 14.h4 Ng4 15.Nd4 gxh4 16.Bf4 Qf6 17.Nf5 h3 18.gxh3 Bxf5 19.exf5
Rg8 20.Bg3 Nxf2 21.Qe2+ Kd7 0-1

[Event "MetLife Warsaw Najdorf Chess Festival  gr. A"]
[Site "Warszawa"]
[Date "2015.07.18"]
[Round "9.37"]
[White "Bus, Konrad"]
[Black "Grabinsky, Vladimir"]
[Result "1/2-1/2"]
[WhiteElo "2108"]
[BlackElo "2265"]
[Annotator ""]
[Source ""]
[Remark ""]

1.d4 d5 2.c4 e6 3.Nf3 Nf6 4.g3 dxc4 5.Bg2 Nc6 6.Qa4 Nd7 7.Qxc4
Nb6 8.Qb5 a6 9.Qd3 e5 10.Nxe5 Nb4 11.Qd1 Qxd4 12.Qxd4 Nc2+ 13.Kd1
Nxd4 14.Be3 Nf5 15.Bxb6 cxb6 16.Nc3 Bc5 17.e3 O-O 18.Ke2 Re8
19.Nd3 Nd6 20.Nd5 Rb8 21.Rac1 Bd4 22.Kd2 Bf6 23.Nxf6+ gxf6 24.Nf4
Be6 25.Nxe6 Rxe6 26.Rhd1 Rd8 27.Ke2 Kf8 28.Rd4 f5 29.h4 Re5 30.Rd5
Rxd5 31.Bxd5 Rd7 32.Bg2 Ke7 33.Rc2 Kd8 34.Bh3 Re7 35.Kf3 Re5
36.Kf4 f6 37.Bg2 Kd7 38.Rd2 Ke6 39.Bh3 Re4+ 40.Kf3 Ke5 41.Ke2
Rc4 42.f3 Rc1 43.Bg2 Ke6 44.b3 a5 45.g4 fxg4 46.fxg4 h6 47.Kf3
Ke5 48.Ke2 Rc5 49.Kd3 b5 50.Bf3 b6 51.Rg2 Ke6 52.Rg1 b4 53.Kd2
Nb5 54.Be2 Nc3 55.Bc4+ Ke7 56.a3 b5 57.axb4 axb4 58.Bd3 Rd5 1/2-1/2

[Event "MetLife Warsaw Najdorf Chess Festival  gr. A"]
[Site "Warszawa"]
[Date "2015.07.18"]
[Round "9.38"]
[White "Teclaf, Pawel"]
[Black "Winiarski, Mikolaj"]
[Result "1/2-1/2"]
[WhiteElo "2235"]
[BlackElo "2160"]
[Annotator ""]
[Source ""]
[Remark ""]

1.e4 c5 2.Nf3 d6 3.d4 cxd4 4.Nxd4 Nf6 5.Nc3 a6 6.Bc4 e6 7.Bb3
Be7 8.f4 Nc6 9.Be3 O-O 10.Qf3 Qc7 11.O-O-O Nxd4 12.Bxd4 b5 13.e5
Bb7 14.exf6 Bxf3 15.fxe7 Qxe7 16.gxf3 Qh4 17.Rhg1 Qxf4+ 18.Kb1
e5 19.Nd5 Qh4 20.Be3 h6 21.Rg4 Qh3 22.Rdg1 Kh8 23.R4g3 Qxh2 24.Ne7
Qh4 25.Nf5 Qf6 26.Nxg7 Rg8 27.Nh5 Qf5 28.Ng7 Qf6 29.Nh5 1/2-1/2

[Event "MetLife Warsaw Najdorf Chess Festival  gr. A"]
[Site "Warszawa"]
[Date "2015.07.18"]
[Round "9.39"]
[White "Lach, Aleksandra"]
[Black "Percivaldi, Martin"]
[Result "1/2-1/2"]
[WhiteElo "2227"]
[BlackElo "2310"]
[Annotator ""]
[Source ""]
[Remark ""]

1.e4 e5 2.Bc4 Nf6 3.d3 Bc5 4.Nf3 Nc6 5.O-O d6 6.c3 O-O 7.b4 Bb6
8.a4 a6 9.Qb3 h6 10.h3 Ne7 11.Qa2 c6 12.Bb3 Ng6 13.Be3 Bc7 14.c4
Nh5 15.Nc3 Qf6 16.Bd1 Nhf4 17.Ne2 Nxd3 18.Qd2 Ndf4 19.Bxf4 Nxf4
20.Nxf4 exf4 21.Rc1 a5 22.b5 Bb6 23.Kh2 Rd8 24.Ne1 Be6 25.Nd3
g5 26.Qe2 Bd4 27.bxc6 bxc6 28.c5 dxc5 29.Nxc5 Qe5 30.Qc2 Rac8
31.Nxe6 fxe6 32.Bg4 c5 33.Qc4 Rd6 34.Rb1 Rc7 35.Rb8+ Kg7 36.Re8
Qf6 37.Bxe6 Rd8 38.Qb5 Rxe8 39.Qxe8 Qf8 40.Qb5 Qe7 41.Qb8 Kf6
42.Bf5 Rb7 43.Qh8+ Qg7 44.Qd8+ Qe7 45.Qh8+ Qg7 1/2-1/2